Anh hùng lực lượng vũ trang nhân dân tỉnh Cần Thơ
محفوظ في:
| التنسيق: | كتاب |
|---|---|
| اللغة: | Undetermined |
| منشور في: |
Cần Thơ
Bộ Chỉ huy quân sự tỉnh Cần Thơ
1995
|
| الموضوعات: | |
| الوسوم: |
إضافة وسم
لا توجد وسوم, كن أول من يضع وسما على هذه التسجيلة!
|
| Thư viện lưu trữ: | Trung tâm Học liệu Trường Đại học Cần Thơ |
|---|
| LEADER | 00511nam a2200157Ia 4500 | ||
|---|---|---|---|
| 001 | CTU_10983 | ||
| 008 | 210402s9999 xx 000 0 und d | ||
| 082 | |a 959.704332 | ||
| 082 | |b A107 | ||
| 245 | 0 | |a Anh hùng lực lượng vũ trang nhân dân tỉnh Cần Thơ | |
| 260 | |a Cần Thơ | ||
| 260 | |b Bộ Chỉ huy quân sự tỉnh Cần Thơ | ||
| 260 | |c 1995 | ||
| 650 | |a vietnam - armed forces | ||
| 904 | |i Minh, 961014 | ||
| 980 | |a Trung tâm Học liệu Trường Đại học Cần Thơ | ||